• 首页
  • 本馆介绍
  • 公告通知
  • 最新文献
  • 馆藏检索
  • 电子资源
  • 读者导购
  • 参考咨询
  • 我的图书馆
  • 登录
  • 详细信息显示
  • 放入我的书架
  • 预约/预借图书
  • 作者相关作品
  • 分类相关作品
  • 丛书相关作品
  • 出版社相关作品

书目信息

  • 表格格式
  • 工作单格式
  • 卡片格式
题名:
生产经营企业事故应急救援管理指南
    
 
作者: 李美庆 主编 ;《生产经营企业事故应急救援管理指南》编写组 编
分册:  
出版信息: 北京   化学工业出版社  2008
页数: 300页
开本: 26cm
丛书名:
单 册:
中图分类: X928.02
科图分类:
主题词: 生产事故--事故处理--基本知识--中国 , 生产事故 , 事故处理
电子资源:
ISBN: 978-7-122-02003-1
000 01175nam0 2200253 45
005 20100303144134.84
010    @a978-7-122-02003-1@dCNY49.00
100    @a20090908d2008 ekmy0chiy0120 ea
101 0  @achi
102    @aCN@b110000
105    @ay z 000yy
106    @ar
200 1  @a生产经营企业事故应急救援管理指南@ASheng Chan Jing Ying Qi Ye Shi Gu Ying Ji Jiu Yuan Guan Li Zhi Nan@f李美庆主编@FLi Mei Qing Zhu Bian@g《生产经营企业事故应急救援管理指南》编写组编
210    @a北京@c化学工业出版社@d2008
215    @a300页@d26cm
330    @a本书主要内容包括生产经营企业安全生产事故应急救援预案的编制、备案、演练、修改要求,工业生产重大危险源的辨识、分级、建档、备案,生产经营企业事故应急救援信息管理平台的建立,生产经营企业事故应急救援技术与装备,生产经营企业事故应急救援的法规体系等。
606 0  @a生产事故@x事故处理@x基本知识@y中国
606 0  @a生产事故
606 0  @a事故处理
690    @aX928.02@v4
701  0 @a李美庆@ALi Mei Qing@4主编
712 02 @a《生产经营企业事故应急救援管理指南》编写组@A《 Sheng Chan Jing Ying Qi Ye Shi Gu Ying Ji Jiu Yuan Guan Li Zhi Nan》 Bian Xie Zu@4编
801  0 @aCN@bTANGWEI@c20100303
905    @b0583617-21@dX928.02@e3@f5
    
    生产经营企业事故应急救援管理指南/李美庆主编/《生产经营企业事故应急救援管理指南》编写组编.-北京:化学工业出版社,2008
    300页;26cm
    
    
    ISBN 978-7-122-02003-1:CNY49.00
    本书主要内容包括生产经营企业安全生产事故应急救援预案的编制、备案、演练、修改要求,工业生产重大危险源的辨识、分级、建档、备案,生产经营企业事故应急救援信息管理平台的建立,生产经营企业事故应急救援技术与装备,生产经营企业事故应急救援的法规体系等。
●
相关链接 在E读中查询图书 在五车中查询图书 在当当中查询图书 在豆瓣中查询图书


正题名:生产经营企业事故应急救援管理指南     索取号:X928.02/3         预约/预借

序号 登录号 条形码 馆藏地/架位号 状态 备注
1 0583617   205836176   第二样本阅览室/ [索取号:X928.02/3] 在馆    
2 0583618   205836185   第三借阅区/ [索取号:X928.02/3] 在馆    
3 0583619   205836194   第三借阅区/ [索取号:X928.02/3] 在馆    
4 0583620   205836201   第三借阅区/ [索取号:X928.02/3] 在馆    
5 0583621   205836210   第三借阅区/ [索取号:X928.02/3] 在馆    
唐山师范学院图书馆 欢迎您!
大连网信软件有限公司© 版权所有